00590cam a22001692 4500001001100000005001700011008004100028040001500069110006100084245008000145250001300225260004200238300001700280610006200297610005800359852000300417000002481520151217155917.0140212s xx 000 0 eng d aKABUcKABU2 aKenya.bMinistry of Devolution and Planning.@000018505810aMurang'a County development profile /cMinistry of Devolution and Planning. a1st ed. aNairobi :bGovernment Printer,c2013. axvii, 119 p.20aMurang'a County (Kenya)xEconomic conditions.@000018508320aMurang'a County (Kenya)xEconomic policy.@00001850831